Heat and Mass Transfer (Record no. 3622)
[ view plain ]
| 000 -LEADER | |
|---|---|
| fixed length control field | 00346nam a2200145Ia 4500 |
| 008 - FIXED-LENGTH DATA ELEMENTS--GENERAL INFORMATION | |
| fixed length control field | 191201s2013 xx 000 0 und d |
| 082 ## - DEWEY DECIMAL CLASSIFICATION NUMBER | |
| Classification number | 621.4022 |
| Item number | KUH |
| 100 ## - MAIN ENTRY--PERSONAL NAME | |
| Personal name | KUMAR, D S |
| 245 #0 - TITLE STATEMENT | |
| Title | Heat and Mass Transfer |
| 250 ## - EDITION STATEMENT | |
| Edition statement | Rep. |
| 260 ## - PUBLICATION, DISTRIBUTION, ETC. (IMPRINT) | |
| Place of publication, distribution, etc | N.Delhi |
| Name of publisher, distributor, etc | S K Kataria and Sons |
| Date of publication, distribution, etc | 2013 |
| 300 ## - PHYSICAL DESCRIPTION | |
| Extent | 749 |
| 650 ## - SUBJECT ADDED ENTRY--TOPICAL TERM | |
| Topical term or geographic name as entry element | B.Tech(ME) |
| 942 ## - ADDED ENTRY ELEMENTS (KOHA) | |
| Source of classification or shelving scheme | Dewey Decimal Classification |
| Koha item type | Text Books |
| Withdrawn status | Lost status | Source of classification or shelving scheme | Damaged status | Not for loan | Collection code | Home library | Current library | Date acquired | Source of acquisition | Cost, normal purchase price | Bill Number | Total Checkouts | Full call number | Acc. no. / Barcode | Date last seen | Bill Date | Koha item type | Date last borrowed |
|---|---|---|---|---|---|---|---|---|---|---|---|---|---|---|---|---|---|---|
| Dewey Decimal Classification | B.Tech(ME) | PIET C-LIBRARY | PIET C-LIBRARY | 20/11/2008 | J B C, New Delhi | 375.00 | SI-4397 | 621.4022 KUH | 10180 | 04/12/2019 | 17/11/2008 | Text Books | ||||||
| Dewey Decimal Classification | B.Tech(ME) | PIET C-LIBRARY | PIET C-LIBRARY | 20/11/2008 | J B C, New Delhi | 375.00 | SI-4397 | 621.4022 KUH | 10181 | 04/12/2019 | 17/11/2008 | Text Books | ||||||
| Dewey Decimal Classification | B.Tech(ME) | PIET C-LIBRARY | PIET C-LIBRARY | 20/11/2008 | J B C, New Delhi | 375.00 | SI-4397 | 1 | 621.4022 KUH | 10182 | 25/10/2024 | 17/11/2008 | Text Books | 08/10/2024 | ||||
| Dewey Decimal Classification | B.Tech(ME) | PIET C-LIBRARY | PIET C-LIBRARY | 20/11/2008 | J B C, New Delhi | 375.00 | SI-4397 | 2 | 621.4022 KUH | 10183 | 03/12/2024 | 17/11/2008 | Text Books | 20/11/2024 | ||||
| Dewey Decimal Classification | B.Tech(ME) | PIET C-LIBRARY | PIET C-LIBRARY | 20/11/2008 | J B C, New Delhi | 375.00 | SI-4397 | 621.4022 KUH | 10184 | 04/12/2019 | 17/11/2008 | Text Books | ||||||
| Dewey Decimal Classification | B.Tech(ME) | PIET C-LIBRARY | PIET C-LIBRARY | 20/11/2008 | J B C, New Delhi | 375.00 | SI-4397 | 621.4022 KUH | 10185 | 04/12/2019 | 17/11/2008 | Text Books | ||||||
| Dewey Decimal Classification | B.Tech(ME) | PIET C-LIBRARY | PIET C-LIBRARY | 20/11/2008 | J B C, New Delhi | 375.00 | SI-4397 | 621.4022 KUH | 10186 | 04/12/2019 | 17/11/2008 | Text Books | ||||||
| Dewey Decimal Classification | B.Tech(ME) | PIET C-LIBRARY | PIET C-LIBRARY | 20/11/2008 | J B C, New Delhi | 375.00 | SI-4397 | 621.4022 KUH | 10187 | 04/12/2019 | 17/11/2008 | Text Books |